Riconosci la Bandiera sbagliata - Quiz n°24 - Statistics

Statistiche generali
  • Questo quiz è stato fatto 30 volte
  • Il punteggio medio è 6 su 9
Statistiche sulle risposte
Domanda Risposta % Corretto
Qual è la bandiera sbagliata?
81%
Qual è la bandiera sbagliata?
81%
Qual è la bandiera sbagliata?
75%
Qual è la bandiera sbagliata?
75%
Qual è la bandiera sbagliata?
63%
Qual è la bandiera sbagliata?
63%
Qual è la bandiera sbagliata?
63%
Qual è la bandiera sbagliata?
63%
Qual è la bandiera sbagliata?
31%
Nessun quiz corrispondente trovato
Distribuzione punteggi
Percentuale di utenti per punteggio
Percentile per numero di risposta
I tuoi punteggi nel tempo
Non hai fatto questo quiz